Automatická segmentácia a sémantický popis scény z RGB-D dát
Gespeichert in:
| 1. Verfasser: | |
|---|---|
| Weitere Verfasser: | |
| Format: | Manuskript Buch |
| Sprache: | Slowakisch Englisch |
| Veröffentlicht: |
2017
|
| Schlagworte: | |
| Online-Zugang: | http://is.stuba.sk/zp/portal_zp.pl?podrobnosti=126939 |
| Tags: |
Keine Tags, Fügen Sie das erste Tag hinzu!
|
MARC
| LEADER | 00000ntm a22000003a 4500 | ||
|---|---|---|---|
| 001 | stuzp64594 | ||
| 003 | SK-STU | ||
| 005 | 20170624213628.8 | ||
| 007 | ta | ||
| 008 | 150427s2015----xo-----f-mn---000-0-slo-d | ||
| 040 | |a STU |b slo | ||
| 041 | 0 | |a eng | |
| 100 | 1 | |a Hudec, Lukáš |u 070400 |4 aut |U FIIT Fakulta informatiky a informačných technológií |T FIIT Ústav počítačového inžinierstva a aplikovanej informatiky |X 52443 |U I400 |Y 672 |7 52443 | |
| 242 | 0 | 1 | |a Automatická segmentácia a sémantický popis scény z RGB-D dát |y slo |
| 245 | 1 | 0 | |a Automatická segmentácia a sémantický popis scény z RGB-D dát |
| 260 | |c 2017 | ||
| 650 | 4 | |a segmentácia |2 slo | |
| 650 | 4 | |a klasifikácia |2 slo | |
| 650 | 4 | |a rgb-d |2 slo | |
| 650 | 4 | |a knvolučná neurónová sieť |2 slo | |
| 650 | 4 | |a superpixely |2 slo | |
| 650 | 4 | |a segmentation |2 eng | |
| 650 | 4 | |a classification |2 eng | |
| 650 | 4 | |a rgb-d |2 eng | |
| 650 | 4 | |a convolutional neural network |2 eng | |
| 650 | 4 | |a superpixels |2 eng | |
| 700 | 1 | |a Benešová, Vanda |u 070400 |k Z1 |4 ths |U FIIT Fakulta informatiky a informačných technológií |T FIIT Ústav počítačového inžinierstva a aplikovanej informatiky |X 63121 |U I400 |Y 672 |7 63121 | |
| 856 | 4 | |u http://is.stuba.sk/zp/portal_zp.pl?podrobnosti=126939 | |
| 996 | |b 11168 |c I* DP79/17 |l II680 |s P |a 0 |w stuzp64594_0001 | ||